[Event "RUS-chT Premier 2021"]
[White "Demidov,Mikhail"]
[Black "Goganov,Aleksey"]
[WhiteTeam "Гоголевский, 14"]
[BlackTeam "Медный всадник"]
[Site "Sochi"]
[Round "6.24"]
[Annotator "ChessBase"]
[Result "0-1"]
[Date "2021.05.07"]
[WhiteElo "2523"]
[BlackElo "2575"]
[PlyCount "142"]
[TimeControl "60"]

1. Nf3 {[%emt 0:0:0]} d5 {[%emt 0:0:0]} 2. g3 {[%emt 0:0:0]} g6 {[%emt 0:0:0]} 3. Bg2 {[%emt 0:0:0]} Bg7 {[%emt 0:0:0]} 4. d4 {[%emt 0:4:36]} Nf6 {[%emt 0:0:1]} 5. c4 {[%emt 0:2:32]} c6 {[%emt 0:3:25]} 6. 0-0 {[%emt 0:0:0]} 0-0 {[%emt 0:0:7]} 7. Qb3 {[%emt 0:3:43]} Qb6 {[%emt 0:0:33]} 8. Nc3 {[%emt 0:2:4]
} Rd8 {[%emt 0:5:42]} 9. c5 {[%emt 0:3:38]} Qxb3 {[%emt 0:0:0]} 10. axb3 {[%emt 0:0:2]} Na6 {[%emt 0:0:26]} 11. h3 {[%emt 0:6:32]} Nd7 {[%emt 0:5:12]} 12. Bg5 {[%emt 0:17:4]} f6 {[%emt 0:3:39]} 13. Bd2 {[%emt 0:0:0]} e5 {[%emt 0:5:1]} 14. e3 {[%emt 0:22:33]} e4 {[%emt 0:18:36]} 15. Ne1 {[%emt 0:0:21]} f5 {[%emt 0:0:50]} 16. Nc2 {[%emt 0:0:43]} Nc7 {[%emt 0:0:0]} 17. Ra2 {[%emt 0:3:54]} Rf8 {[%emt 0:6:6]} 18. b4 {[%emt 0:3:6]} a6 {[%emt 0:4:48]
} 19. Na1 {[%emt 0:1:38]} Rb8 {[%emt 0:0:42]} 20. Nb3 {[%emt 0:0:0]} Ne6 {[%emt 0:2:42]} 21. Rfa1 {[%emt 0:2:12]} g5 {[%emt 0:2:42]} 22. Rf1 {[%emt 0:1:0]} Bf6 {[%emt 0:5:34]} 23. f3 {[%emt 0:1:4]} Bd8 {[%emt 0:0:0]} 24. fxe4 {[%emt 0:6:25]} fxe4 {[%emt 0:0:32]} 25. Ne2 {[%emt 0:0:42]
} Bc7 {[%emt 0:0:31]} 26. Raa1 {[%emt 0:0:29]} Nf6 {[%emt 0:0:42]} 27. Rf2 {[%emt 0:2:19]
} Bd7 {[%emt 0:2:4]} 28. Na5 {[%emt 0:0:22]} Kg7 {[%emt 0:0:0]} 29. Raf1 {[%emt 0:0:22]} h5 {[%emt 0:1:57]} 30. Rf5 {[%emt 0:5:6]} Kg6 {[%emt 0:2:10]} 31. h4 {[%emt 0:1:1]} Bxa5 {[%emt 0:14:29]} 32. bxa5 {[%emt 0:0:22]
} Ng4 {[%emt 0:0:10]} 33. Rxf8 {[%emt 0:0:41]} Rxf8 {[%emt 0:0:0]} 34. Rxf8 {[%emt 0:3:40]} Nxf8 {[%emt 0:0:4]} 35. hxg5 {[%emt 0:0:0]} Kxg5 {[%emt 0:0:15]} 36. Nf4 {[%emt 0:1:14]} Nh6 {[%emt 0:1:9]} 37. Be1 {[%emt 0:1:32]} Bg4 {[%emt 0:0:46]} 38. Bf2 {[%emt 0:0:28]} Nf5 {[%emt 0:0:8]
} 39. Kf1 {[%emt 0:0:43]} Kf6 {[%emt 0:0:23]} 40. Ke1 {[%emt 0:0:0]} Nh7 {[%emt 0:0:0]} 41. b4 {[%emt 0:1:1]} Ng5 {[%emt 0:1:3]} 42. Kd2 {[%emt 0:2:2]} Ne6 {[%emt 0:9:2]} 43. Ne2 {[%emt 0:7:53]} Ng5 {[%emt 0:3:39]
} 44. Nf4 {[%emt 0:0:8]} Ng7 {[%emt 0:0:33]} 45. Bf1 {[%emt 0:0:0]} N7e6 {[%emt 0:0:17]} 46. Bg2 {[%emt 0:8:58]} Nxf4 {[%emt 0:0:57]} 47. exf4 {[%emt 0:3:59]} Ne6 {[%emt 0:1:14]} 48. Be3 {[%emt 0:2:42]} Ng7 {[%emt 0:5:47]
} 49. Ke1 {[%emt 0:0:22]} Nf5 {[%emt 0:0:15]} 50. Kf2 {[%emt 0:0:0]} Kf7 {[%emt 0:3:43]} 51. Bf1 {[%emt 0:0:10]} Kg6 {[%emt 0:0:18]} 52. Bg2 {[%emt 0:2:12]} h4 {[%emt 0:1:45]} 53. gxh4 {[%emt 0:0:4]} Kh5 {[%emt 0:0:10]
} 54. Bf1 {[%emt 0:5:3]} Kxh4 {[%emt 0:0:15]} 55. Bg2 {[%emt 0:0:5]
} Bh3 {[%emt 0:0:51]} 56. Bh1 {[%emt 0:0:5]} Kg4 {[%emt 0:0:0]} 57. b5 {[%emt 0:2:20]} cxb5 {[%emt 0:0:31]} 58. Bxe4 {[%emt 0:0:7]} dxe4 {[%emt 0:1:12]} 59. d5 {[%emt 0:0:1]} b4 {[%emt 0:2:30]} 60. d6 {[%emt 0:1:0]
} Ng7 {[%emt 0:0:20]} 61. d7 {[%emt 0:0:37]} Ne6 {[%emt 0:0:0]} 62. Ke2 {[%emt 0:1:29]} Kf5 {[%emt 0:0:27]} 63. c6 {[%emt 0:0:15]} bxc6 {[%emt 0:0:4]} 64. Bb6 {[%emt 0:0:3]} Kf6 {[%emt 0:2:19]} 65. d8=Q+ {[%emt 0:0:21]
} Nxd8 {[%emt 0:0:3]} 66. Bxd8+ {[%emt 0:0:7]} Ke6 {[%emt 0:0:0]} 67. Ke3 {[%emt 0:0:35]} Kd5 {[%emt 0:0:7]} 68. Be7 {[%emt 0:0:7]} c5 {[%emt 0:0:6]} 69. Bf8 {[%emt 0:0:3]} Bf5 {[%emt 0:0:5]} 70. Be7 {[%emt 0:0:4]
} Kc4 {[%emt 0:0:13]} 71. Kd2 {[%emt 0:0:9]} Kb5 {[%emt 0:0:0]} 0-1